Statistics for Famous Operatic Sopranos

Click here to take the quiz!

General Stats

  • This quiz has been taken 244 times
  • The average score is 13 of 25

Answer Stats

NationalityFirst NameAnswer% Correct
Greek-AmericanMariaCallas
94%
New ZealanderKirite Kanawa
84%
AmericanReneeFleming
81%
SpanishMontserratCaballe
80%
AmericanLeontynnePrice
77%
AustralianJoanSutherland
76%
ItalianRenataTebaldi
66%
AmericanBeverlySills
64%
ItalianMirellaFreni
60%
SwedishBirgitNilsson
59%
SpanishVictoriade los Angeles
55%
SlovakianEditaGruberova
54%
SwedishJennyLind
50%
Austrian/BritishElisabethSchwarzkopf
50%
NorwegianKirstenFlagstad
49%
ItalianRenataScotto
49%
GermanHildegardBehrens
29%
BulgarianGhenaDimitrova
28%
AmericanLiciaAlbanese
25%
CroatianZinkaMilanov
25%
SpanishPilarLorengar
24%
TurkishLeylaGencer
22%
RussianGalinaVishnevskaya
22%
ItalianMagdaOlivero
19%
ItalianAmelitaGalli-Curci
18%

Score Distribution

Percentile by Number Answered

Percent of People with Each Score

Your Score History

You have not taken this quiz